|
|
|
|
| LEADER |
00680nab a2200157 i 4500 |
| 001 |
delm143451 |
| 005 |
20200204150747.0 |
| 008 |
200204s2010 hu o 0|| hun d |
| 040 |
|
|
|a SZTE Délmagyarország Archívum
|b hun
|
| 041 |
|
|
|a hun
|
| 100 |
1 |
|
|a Hollósi Zsolt
|
| 245 |
1 |
0 |
|a Lélek-tájak - emléktöredékekkel
|h [elektronikus dokumentum] :
|b Henn László András villámkiállítása a Reök-ben /
|c Hollósi Zsolt
|
| 260 |
|
|
|c 2010-09-28
|
| 300 |
|
|
|a 7
|
| 490 |
0 |
|
|a Délmagyarország
|v 100 No. 226
|
| 695 |
|
|
|a Henn László, Szeged, Műemlék Reök-palota Szeged, Képzőművészet kiállítás festészet, Regionális Összművészeti Központ (Szeged), Eseménynaptár Szeged 2010. 09.
|